000 00714nam a2200265Ia 4500
003 OSt
005 20221006150849.0
006 a|||||r|||| 00| 0
007 ta
008 221006b |||||||| |||| 00| 0 jpn d
020 _c¥5800
024 _a20,040
037 _bGift, Japan Foundation
_cTextual
040 _aEASL
_cEASL
_bjpn
041 _2jpn
_ajpn
082 _aW.42.N89, N0
100 _aMOMOSE Takash
_9657811
245 0 _aJiten showa senjenki no mhon
260 _aTokyo
_bYoshikawa Kobunkan Japan
_c1990
300 _a446p.
_ccm.
490 _v JL
650 _aJL
942 _hW.42.N89, N0
_cTEXL
_2CC
999 _c1088126
_d1088126